Responses for show #7884 - Thursday, December 13, 2018

Contestants

Mary Kate Moriarty, a dentist from Dumfries, Virginia

Faris Alikhan, a speechwriter from Atlanta, Georgia

Elana Schor, a journalist from Washington, D.C. (whose 1-day cash winnings total $23,601)

Jeopardy! Round responses

THE 12 DAYS OF CHRISTMAS SHOPPING LIST
GET IT STRAIT
WORDS FOR YOUR DOG
OTHER LONG-RUNNING TV SHOWS
"FIGHT" CLUB
SHAKESPEAREAN OPERA BY ARIA
    $200 19
lords

Elana
    $200 6
Sri Lanka

Elana
    $200 13
best in show

Elana
    $200 1
hockey

Elana
    $200 10
a prize fight

Triple Stumper
    $200 26
Othello

Elana
    $400 22
(Alex: Less than a minute now.)

milking

Elana
    $400 7
(Elana: What is the Korean Sea?)

the Sea of Japan

ElanaFaris
    $400 14
(Mary Kate: What is... oh, can't think of it. Yeah.)

kibble

FarisMary Kate
    $400 2
Meet the Press

Faris
    $400 11
the Foo Fighters

Mary Kate
    $400 27
Hamlet

Faris
    $600 23
drummers

Mary Kate
    $600 8
the Bering Strait

Faris
    $600 15
wire-haired

Triple Stumper
    $600 3
(Mary Kate: What is Law & Order?)

NCIS

ElanaMary Kate
    $600 20
firefighting

Elana
    $600 28
The Merchant of Venice

Faris
    $800 24
(Elana: What are hens?)
(Alex: Be more specific.)
(Elana: What are guinea hens?)

three French hens

ElanaMary Kate
    $3,200 9
(Faris: What are... Faroe and... Jutland?)

Greenland and Iceland

Faris
    $800 17
heel

Faris
    $800 4
Gunsmoke

Faris
    $800 12
the Fighting Irish

Elana
    $800 29
[The end-of-round signal sounds.]

The Tempest

Elana
    $1000 25
turtle doves

Mary Kate
    $1000 16
the Persian Gulf

Faris
    $1000 18
the toy group

Mary Kate
    $1000 5
Boston

Faris
    $1000 21
freedom fighter

Elana

Scores at the first commercial break (after clue 15):

Elana Faris Mary Kate
$1,600 $400 -$600

Scores at the end of the Jeopardy! Round:

Elana Faris Mary Kate
$4,000 $3,200 $2,800

Double Jeopardy! Round responses

JACK THE RIPPER SUSPECTS
THE MOVIE'S CHARACTERS
1940s AMERICA
DON'T KNOW MUCH
A SCIENCE BOOK
THE FRENCH I TOOK
    $400 21
criminal law

Faris
    $400 3
The Hunger Games

Faris
    $400 2
the baby boom

Elana
    $400 11
to dumb down

Elana
    $400 1
an earthquake

Faris
    $400 27
(Mary Kate: What is um... um... oh.)
(Faris: What is allĂ´?)

bonjour

ElanaFarisMary Kate
    $800 22
Dr. Jekyll and Mr. Hyde

Mary Kate
    $800 4
Jaws

Faris
    $800 8
to fluoridate

Elana
    $800 12
insufficient data

Triple Stumper
    $800 17
(Elana: What are pterodactyls?)

birds

ElanaFaris
    $800 26
the waiter

Elana
    $1200 23
(Alex: Less than a minute now.)

George

Mary Kate
    $1200 5
Superbad

Faris
    $1200 9
the Pentagon

Mary Kate
    $1200 13
the known unknowns

Elana
    $1200 18
infinity

Faris
    $1200 28
[The end-of-round signal sounds.]

a false step

Triple Stumper
    $800 25
(Mary Kate: Who is... um...)

Arthur Conan Doyle

Mary Kate
    $1600 6
Straight Outta Compton

Faris
    $1600 10
(Mary Kate: Who are the Hollywood Seven?)

the Hollywood Ten

ElanaMary Kate
    $1600 14
ignorance of the law

Faris
    $1600 19
(Mary Kate: What is wheat?)

papyrus

Mary Kate
Triple Stumper
    $2000 24
(Mary Kate: What is the butler?)

her doctor

Mary Kate
Triple Stumper
    $2000 7
Boogie Nights

Elana
    $2,000 15
the Lend-Lease Act

Faris
    $2000 16
the Know-Nothings

Faris
    $2000 20
Stephen Hawking

Faris

Scores at the end of the Double Jeopardy! Round:

Elana Faris Mary Kate
$10,800 $17,200 -$400

[wagering suggestions for these scores]

Final Jeopardy! Round responses

19th CENTURY AUTHORS
ElanaWho is Rudyard Kipling?
$10,800
FarisWho is Rudyard Kipling
$5,500
Rudyard Kipling

Final scores:

Elana Faris Mary Kate
$21,600 $22,700 -$400
2nd place: $2,000 New champion: $22,700 3rd place: $1,000

Game dynamics:

Coryat scores:

Elana Faris Mary Kate
$10,800 $20,400 $400
19 R,
3 W
22 R
(including 1 DD),
2 W
(including 1 DD)
8 R,
7 W
(including 1 DD)

Combined Coryat: $31,600

The J! Archive is created by fans, for fans. The Jeopardy! game show and all elements thereof, including but not limited to copyright and trademark thereto, are the property of Jeopardy Productions, Inc. and are protected under law. This website is not affiliated with, sponsored by, or operated by Jeopardy Productions, Inc. Join the discussion at JBoard.tv.